[Event "34th Zalakaros Open 2015"]
[Site "Zalakaros HUN"]
[Date "2015.05.22"]
[Round "9.11"]
[White "Romanishin, Oleg M"]
[Black "Onischuk, Vladimir"]
[Result "0-1"]
[WhiteTitle "GM"]
[BlackTitle "GM"]
[WhiteElo "2466"]
[BlackElo "2669"]
[WhiteFideId "14100088"]
[BlackFideId "14114038"]
[EventDate "2015.05.14"]

1. d4 d6 2. g3 g6 3. Bg2 Bg7 4. Nf3 Nf6 5. O-O O-O 6. a4 a5 7. Nc3 Na6 8. e4 c6
9. h3 Qc7 10. Bf4 Nh5 11. Be3 e5 12. dxe5 dxe5 13. Qe2 h6 14. Rad1 Be6 15. Qd2
Rfd8 16. Qc1 Kh7 17. Rxd8 Rxd8 18. Rd1 Nb4 19. Ne1 Bf8 20. Rxd8 Qxd8 21. Bf1 Nf6
22. Nf3 Nd7 23. h4 Qf6 24. Be2 Nc5 25. Nh2 Qd8 26. h5 g5 27. Qd1 Qxd1+ 28. Bxd1
f5 29. Nf3 f4 30. Bd2 Nd7 31. Ne1 Bc5 32. Kg2 Nf6 33. Nd3 Bd6 34. gxf4 exf4 35.
Be2 Nd7 36. Nxb4 Bxb4 37. Nb1 Ne5 38. Bxb4 axb4 39. f3 0-1

[Event "34th Zalakaros Open 2015"]
[Site "Zalakaros HUN"]
[Date "2015.05.22"]
[Round "9.12"]
[White "Torma, Robert"]
[Black "Melkumyan, Hrant"]
[Result "0-1"]
[WhiteTitle "IM"]
[BlackTitle "GM"]
[WhiteElo "2440"]
[BlackElo "2654"]
[WhiteFideId "719030"]
[BlackFideId "13302485"]
[EventDate "2015.05.14"]

1. e4 g6 2. d4 Bg7 3. Nc3 d6 4. f4 Nf6 5. Nf3 O-O 6. Bd3 Na6 7. O-O c5 8. d5 Bg4
9. h3 Bxf3 10. Qxf3 Nb4 11. a3 Nxd3 12. cxd3 Qb6 13. Qf2 Qa6 14. Rd1 b5 15. Be3
Qb7 16. Rdc1 Rfc8 17. Qc2 Rab8 18. a4 b4 19. Nd1 Nd7 20. Qb3 Qa6 21. Bf2 f5 22.
Ne3 fxe4 23. dxe4 Rf8 24. g3 Qe2 25. Rc2 Qf3 26. e5 Bxe5 27. fxe5 Nxe5 28. Rf1
Qe4 29. Rc4 Nf3+ 30. Kg2 Nd4+ 31. Kg1 Rf3 32. Re1 Rbf8 33. Qc2 Nxc2 34. Rxe4
Rxf2 35. Nxc2 Rxc2 36. Rxe7 Rf7 37. R7e6 Rxb2 38. Rxd6 b3 39. Rd8+ Kg7 40. d6
Rd2 41. Rc8 Rf3 42. Rxc5 Rxg3+ 43. Kf1 Rxh3 0-1

[Event "34th Zalakaros Open 2015"]
[Site "Zalakaros HUN"]
[Date "2015.05.22"]
[Round "9.13"]
[White "Banusz, Tamas"]
[Black "Diermair, Andreas"]
[Result "1-0"]
[WhiteTitle "GM"]
[BlackTitle "IM"]
[WhiteElo "2590"]
[BlackElo "2488"]
[WhiteFideId "722413"]
[BlackFideId "1612468"]
[EventDate "2015.05.14"]

1. Nf3 d5 2. g3 Bg4 3. Bg2 Nd7 4. O-O Ngf6 5. d3 c6 6. c4 e6 7. cxd5 exd5 8. h3
Bxf3 9. Bxf3 Bc5 10. Qc2 O-O 11. e3 Re8 12. Nd2 Re6 13. Bg2 Qe7 14. Nf3 Ne8 15.
a3 a5 16. Bd2 a4 17. b4 Bb6 18. Bc3 Nd6 19. Nd4 Bxd4 20. Bxd4 Nb5 21. Bb2 f5 22.
Rae1 Nf6 23. Re2 Nd6 24. Rfe1 Qf7 25. Bf3 Qe7 26. Kh2 Qf7 27. Rg1 Nd7 28. Ree1
Ne5 29. Bd1 Nd7 30. Qd2 Nf6 31. Bc2 Qh5 32. Kg2 Nd7 33. Qd1 Qxd1 34. Bxd1 Kf7
35. g4 g6 36. f4 Re7 37. Kf2 Re6 38. gxf5 Nxf5 39. Bg4 Re7 40. e4 Nh6 41. exd5
Nxg4+ 42. hxg4 Rxe1 43. Rxe1 cxd5 44. Rh1 Kg8 45. Rc1 Kf7 46. Kf3 b6 47. Rc7 Ke7
48. Rc6 Rf8 49. Bd4 Rb8 50. b5 Ra8 51. f5 gxf5 52. gxf5 Rf8 53. Kf4 Ra8 54. Rh6
Ra5 55. Rxh7+ Ke8 56. f6 Rxb5 57. f7+ Ke7 58. f8=Q+ Kxf8 59. Rxd7 1-0

[Event "34th Zalakaros Open 2015"]
[Site "Zalakaros HUN"]
[Date "2015.05.22"]
[Round "9.14"]
[White "Wagner, Dennis"]
[Black "Horvath, Jozsef1"]
[Result "1-0"]
[WhiteTitle "IM"]
[BlackTitle "GM"]
[WhiteElo "2572"]
[BlackElo "2538"]
[WhiteFideId "24650684"]
[BlackFideId "700061"]
[EventDate "2015.05.14"]

1. d4 d6 2. Nf3 g6 3. c4 Bg7 4. Nc3 e5 5. e4 Nc6 6. Bg5 f6 7. Be3 exd4 8. Nxd4
Nge7 9. h4 h5 10. c5 dxc5 11. Nxc6 Nxc6 12. Bxc5 Qxd1+ 13. Rxd1 Bd7 14. f4 O-O-O
15. Be2 g5 16. hxg5 fxg5 17. f5 Rde8 18. O-O Bxc3 19. bxc3 Re5 20. Rd5 Rxe4 21.
Bd3 Rf4 22. Rxf4 gxf4 23. f6 Be6 24. Bf5 1-0

[Event "34th Zalakaros Open 2015"]
[Site "Zalakaros HUN"]
[Date "2015.05.22"]
[Round "9.15"]
[White "Csonka, Balazs"]
[Black "Donchenko, Alexander"]
[Result "1/2-1/2"]
[WhiteTitle "FM"]
[BlackTitle "IM"]
[WhiteElo "2433"]
[BlackElo "2570"]
[WhiteFideId "742910"]
[BlackFideId "24603295"]
[EventDate "2015.05.14"]

1. d4 Nf6 2. c4 c5 3. d5 e6 4. Nc3 exd5 5. cxd5 d6 6. Nf3 g6 7. Bf4 a6 8. a4 Bg7
9. h3 O-O 10. e3 Re8 11. Nd2 Nbd7 12. Be2 Ne5 13. Bh2 Qe7 14. O-O Nfd7 15. Re1
f5 16. e4 fxe4 17. Ndxe4 Nf6 18. Bxe5 Qxe5 19. Bxa6 Bf5 20. Bd3 Nxe4 21. Bxe4
Bxe4 22. Rxe4 Qf5 23. Rxe8+ Rxe8 24. Qg4 Rf8 25. Qxf5 Rxf5 26. Rd1 Rf4 27. Rd2 1/2-1/2

[Event "34th Zalakaros Open 2015"]
[Site "Zalakaros HUN"]
[Date "2015.05.22"]
[Round "9.16"]
[White "Gulamali, Kazim"]
[Black "Horvath, Csaba"]
[Result "0-1"]
[WhiteTitle "FM"]
[BlackTitle "GM"]
[WhiteElo "2309"]
[BlackElo "2549"]
[WhiteFideId "2024764"]
[BlackFideId "700118"]
[EventDate "2015.05.14"]

1. e4 c5 2. Nf3 e6 3. d4 cxd4 4. Nxd4 a6 5. Bd3 Nf6 6. O-O Qc7 7. Qe2 d6 8. c4
g6 9. Nc3 Bg7 10. Be3 O-O 11. Rac1 Nbd7 12. f4 b6 13. b4 Bb7 14. g4 Rfe8 15. g5
Nh5 16. Qf2 Rac8 17. Be2 Qd8 18. Nb3 Bxc3 19. Rxc3 Bxe4 20. Bxh5 gxh5 21. Rd1
Qc7 22. Qd2 Ba8 23. Qxd6 Qb7 24. Kf2 Rcd8 25. Ke1 Qh1+ 26. Kd2 Nf8 27. c5 Rxd6+
28. cxd6 Qxh2+ 29. Kc1 Bd5 30. Rd2 Qh1+ 31. Kb2 Nd7 32. Rc7 Rd8 33. Rdc2 Qe4 34.
R2c3 Qxb4 0-1

[Event "34th Zalakaros Open 2015"]
[Site "Zalakaros HUN"]
[Date "2015.05.22"]
[Round "9.17"]
[White "Burmakin, Vladimir"]
[Black "Mesaros, Florian"]
[Result "1-0"]
[WhiteTitle "GM"]
[BlackTitle "FM"]
[WhiteElo "2585"]
[BlackElo "2390"]
[WhiteFideId "4105109"]
[BlackFideId "1629220"]
[EventDate "2015.05.14"]

1. d4 Nf6 2. Nf3 g6 3. Bf4 Bg7 4. e3 d5 5. Be2 O-O 6. O-O c5 7. c3 b6 8. a4 Nc6
9. h3 Bb7 10. Qb3 Rc8 11. Nbd2 e6 12. Ne5 Na5 13. Qa2 Qe7 14. Rfb1 cxd4 15. exd4
Ne8 16. Re1 Nd6 17. Bd3 Nc6 18. Nef3 Rce8 19. Qa3 Nc8 20. Qb3 Nd6 21. Bb5 Rd8
22. Bg5 f6 23. Bf4 Nf7 24. Qa3 Rfe8 25. a5 Nd6 26. Ba4 Qd7 27. axb6 axb6 28. Qb3
Qc7 29. c4 e5 30. dxe5 fxe5 31. Bxc6 Qxc6 32. cxd5 Qc5 33. Bxe5 Bxd5 34. Qc3
Qxc3 35. bxc3 Nc4 36. Nxc4 Bxc4 37. Bxg7 Rxe1+ 38. Rxe1 Kxg7 39. Re7+ Kg8 40.
Ne5 Bb5 41. Rc7 Rd6 42. Kh2 Re6 43. f4 Be8 44. g4 g5 45. Kg3 b5 46. h4 h6 47. h5
Kf8 48. Kf3 Kg8 49. Ke4 gxf4 50. Kxf4 Rb6 51. Rc8 Rf6+ 52. Ke4 Rf8 53. Kd4 Kg7
54. Kc5 Rg8 55. Kd6 Kf6 56. Rd8 Rh8 57. Ng6 Rg8 58. Ne7 Rh8 59. Nd5+ Kg5 60. Nc7
Kxg4 61. Nxe8 Rf8 62. Ke7 Rf5 63. Nf6+ Kg5 64. Rg8+ Kh4 65. Rg4+ Kh3 66. Rg6 Rc5
67. Rxh6 Rxc3 68. Rh8 Rc7+ 69. Ke6 Rb7 70. h6 b4 71. h7 Rb6+ 72. Kf7 Rb7+ 73.
Kg6 b3 74. Rd8 b2 1-0

[Event "34th Zalakaros Open 2015"]
[Site "Zalakaros HUN"]
[Date "2015.05.22"]
[Round "9.18"]
[White "Dragnev, Valentin"]
[Black "Ruck, Robert"]
[Result "0-1"]
[WhiteTitle "FM"]
[BlackTitle "GM"]
[WhiteElo "2385"]
[BlackElo "2562"]
[WhiteFideId "1634852"]
[BlackFideId "705713"]
[EventDate "2015.05.14"]

1. e4 c6 2. d4 d5 3. Nd2 dxe4 4. Nxe4 Bf5 5. Ng3 Bg6 6. h4 h6 7. Nf3 Nd7 8. h5
Bh7 9. Bd3 Bxd3 10. Qxd3 e6 11. Bd2 Ngf6 12. O-O-O Be7 13. Kb1 Qb6 14. c4 Rd8
15. Bf4 O-O 16. Qc2 Rfe8 17. Ne5 c5 18. Nxf7 Kxf7 19. Qg6+ Kg8 20. Bxh6 Bf8 21.
Bxg7 Bxg7 22. h6 Re7 23. dxc5 Nxc5 24. hxg7 Rxd1+ 25. Rxd1 Ncd7 26. Nh5 Qxf2 27.
g4 Qf3 28. Re1 Nxh5 29. gxh5 Qf6 30. Qg2 Nc5 31. Rd1 Rxg7 32. Qh2 Kh7 33. a4
Nxa4 34. Ka2 Nc5 35. h6 Rf7 36. Qb8 Qf4 37. Qxf4 Rxf4 38. b4 Rf2+ 39. Kb1 Na4
40. Rd7+ Kxh6 41. Rxb7 Kg6 42. Kc1 Rb2 43. b5 Rb4 44. Rxa7 Rxc4+ 45. Kd2 Rb4 46.
Ra5 Kf6 47. Kd3 Nb6 0-1

[Event "34th Zalakaros Open 2015"]
[Site "Zalakaros HUN"]
[Date "2015.05.22"]
[Round "9.19"]
[White "Ekdyshman, Mikhail"]
[Black "Antal, Gergely"]
[Result "0-1"]
[WhiteTitle "IM"]
[BlackTitle "GM"]
[WhiteElo "2362"]
[BlackElo "2511"]
[WhiteFideId "4149416"]
[BlackFideId "717312"]
[EventDate "2015.05.14"]

1. Nf3 g6 2. c4 Bg7 3. Nc3 c5 4. g3 Nc6 5. Bg2 e6 6. a3 Nge7 7. b4 d5 8. bxc5
Qa5 9. Rb1 dxc4 10. Rb5 Qa6 11. a4 O-O 12. O-O Bd7 13. d4 cxd3 14. Qxd3 Rfd8 15.
Ne4 Qxa4 16. Qb1 Nd5 17. Bd2 b6 18. cxb6 axb6 19. Bg5 Ncb4 20. Rxb4 Qxb4 21.
Nf6+ Bxf6 22. Qxb4 Nxb4 23. Bxf6 Rdb8 24. Ne5 Ra7 25. Rd1 Be8 26. Ng4 Nd5 27.
Be5 Rc8 28. Bxd5 exd5 29. Nf6+ Kf8 30. Bd6+ Kg7 31. Be5 Ba4 32. Rd4 Rc1+ 33. Kg2
Bc6 34. Nxh7+ f6 35. Nxf6 Kf7 36. Rh4 Ra2 37. Bd4 Rxe2 38. Rf4 g5 39. Rf5 Kg6
40. g4 Rc4 41. Kf3 Re6 0-1

[Event "34th Zalakaros Open 2015"]
[Site "Zalakaros HUN"]
[Date "2015.05.22"]
[Round "9.20"]
[White "Madl, Ildiko"]
[Black "Gledura, Benjamin"]
[Result "1/2-1/2"]
[WhiteTitle "IM"]
[BlackTitle "IM"]
[WhiteElo "2356"]
[BlackElo "2478"]
[WhiteFideId "700550"]
[BlackFideId "712779"]
[EventDate "2015.05.14"]

1. e4 c5 2. Nf3 Nc6 3. d4 cxd4 4. Nxd4 g6 5. c4 Nf6 6. Nc3 d6 7. Be2 Nxd4 8.
Qxd4 Bg7 9. Be3 O-O 10. Qd2 Be6 11. f3 a5 12. Rc1 a4 13. Nb5 Nd7 14. O-O Nc5 15.
Rfd1 Qc8 16. Bf1 Ra6 17. Qf2 Bd7 18. Nc3 Re8 19. Rd2 Bc6 20. Nd5 Ra5 21. Qe1 Qd8
22. Qf2 Bxd5 23. cxd5 Qb6 24. Rc4 Rc8 25. Rdc2 Rb5 26. Bd4 Rb4 27. Bxg7 Rxc4 28.
Rxc4 Kxg7 29. Qd4+ f6 30. f4 Qa5 31. Rc3 Qb6 32. Rc4 a3 33. b4 Nd7 34. Qxb6 Nxb6
35. Rxc8 Nxc8 36. Kf2 f5 37. Bd3 Kf6 38. Ke3 Nb6 39. Kd4 fxe4 40. Bxe4 h6 41. h4
Na8 42. g4 Nc7 43. g5+ Kg7 44. Kc4 b6 45. Kb3 e6 46. Kxa3 exd5 47. Bf3 hxg5 48.
fxg5 Kf7 49. Be2 Ne6 50. Bg4 Nd4 51. Kb2 Nc6 52. Kb3 Ne5 53. Bd1 d4 54. a4 Ke6
55. a5 bxa5 56. bxa5 Kd5 57. h5 gxh5 58. Bxh5 Kc5 59. Be2 Kc6 60. Kc2 d5 61. Bd3
Kc5 62. g6 1/2-1/2

[Event "34th Zalakaros Open 2015"]
[Site "Zalakaros HUN"]
[Date "2015.05.22"]
[Round "9.21"]
[White "Nemeth, Miklos1"]
[Black "Vajda, Szidonia"]
[Result "1/2-1/2"]
[WhiteTitle "IM"]
[BlackTitle "IM"]
[WhiteElo "2478"]
[BlackElo "2333"]
[WhiteFideId "720232"]
[BlackFideId "723894"]
[EventDate "2015.05.14"]

1. e4 e5 2. Nf3 Nc6 3. Bc4 Bc5 4. c3 Nf6 5. d3 O-O 6. Nbd2 Bb6 7. Bb3 d6 8. Nc4
Ne7 9. Bg5 Ng6 10. Nxb6 axb6 11. Nh4 Kh8 12. O-O h6 13. Nxg6+ fxg6 14. Bxf6 Qxf6
15. d4 Be6 16. Bxe6 Qxe6 17. d5 Qd7 18. Qd3 g5 19. a3 g4 20. f3 Kg8 21. fxg4 1/2-1/2

[Event "34th Zalakaros Open 2015"]
[Site "Zalakaros HUN"]
[Date "2015.05.22"]
[Round "9.22"]
[White "Kaczur, Florian"]
[Black "Czebe, Attila"]
[Result "1/2-1/2"]
[BlackTitle "GM"]
[WhiteElo "2336"]
[BlackElo "2474"]
[WhiteFideId "705098"]
[BlackFideId "705268"]
[EventDate "2015.05.14"]

1. e4 d6 2. d4 Nf6 3. Nc3 e5 4. Nf3 Nbd7 5. g4 Nxg4 6. Rg1 Ngf6 7. Be3 c6 8. Qd3
Qc7 9. O-O-O g6 10. dxe5 Nxe5 11. Nxe5 dxe5 12. Bg5 Be7 13. Qf3 Nh5 14. Bc4
Bxg5+ 15. Rxg5 Nf4 16. Ne2 Qe7 17. Rg3 Be6 18. Bxe6 Nxe2+ 19. Qxe2 Qxe6 20. Rb3
O-O 21. Qe3 Rfd8 22. Rxd8+ Rxd8 23. Rxb7 Qxa2 24. Rxa7 Qc4 25. b3 Qf1+ 26. Kb2
Rd1 27. Qf3 Rb1+ 28. Kc3 Qe1+ 29. Kc4 Qf1+ 30. Kc3 Qe1+ 31. Kc4 Qf1+ 32. Kc5
Qb5+ 33. Kd6 Qb8+ 34. Rc7 Qf8+ 35. Kxc6 Ra1 36. Qc3 Qe8+ 37. Kc5 Ra8 38. Qd3 Rd8
39. Qa6 Rd2 40. c4 Kg7 41. Qc8 Rd8 42. Qb7 Qf8+ 43. Kb5 Qe8+ 44. Kc5 Qf8+ 45.
Kb5 Qe8+ 46. Kc5 1/2-1/2

[Event "34th Zalakaros Open 2015"]
[Site "Zalakaros HUN"]
[Date "2015.05.22"]
[Round "9.23"]
[White "Kozak, Adam"]
[Black "Varga, Zoltan"]
[Result "1/2-1/2"]
[WhiteTitle "FM"]
[BlackTitle "GM"]
[WhiteElo "2341"]
[BlackElo "2473"]
[WhiteFideId "753246"]
[BlackFideId "700509"]
[EventDate "2015.05.14"]

1. d4 g6 2. c4 Bg7 3. e4 d6 4. Nf3 Bg4 5. Be2 Nc6 6. Be3 e5 7. d5 Bxf3 8. Bxf3
Nd4 9. Nc3 Ne7 10. g3 O-O 11. Bg2 c5 12. O-O a6 13. Qd3 f5 14. f4 fxe4 15. Nxe4
Nef5 16. Bd2 b5 17. b3 bxc4 18. bxc4 exf4 19. Bxf4 Bh6 20. Bxh6 Nxh6 21. Rxf8+
Qxf8 22. Rf1 Qe7 23. Nf6+ Kg7 24. Qe4 Qd8 25. g4 1/2-1/2

[Event "34th Zalakaros Open 2015"]
[Site "Zalakaros HUN"]
[Date "2015.05.22"]
[Round "9.24"]
[White "Sagar, Shah"]
[Black "Baskin, Robert"]
[Result "1-0"]
[WhiteTitle "IM"]
[BlackTitle "FM"]
[WhiteElo "2436"]
[BlackElo "2333"]
[WhiteFideId "5022509"]
[BlackFideId "24662402"]
[EventDate "2015.05.14"]

1. d4 Nf6 2. c4 g6 3. Nf3 Bg7 4. Nc3 d5 5. cxd5 Nxd5 6. e4 Nxc3 7. bxc3 c5 8.
Be3 Qa5 9. Qd2 Nc6 10. Rb1 a6 11. Rc1 f5 12. d5 fxe4 13. Ng5 Ne5 14. Nxe4 c4 15.
f4 Bf5 16. Nf2 Ng4 17. Nxg4 Bxg4 18. Bxc4 Rc8 19. Bd4 e5 20. dxe6 Rd8 21. Rc2
Rd6 22. O-O Bxd4+ 23. cxd4 Qxd2 24. Rxd2 Bxe6 25. d5 Bd7 26. Re1+ Kf7 27. Re5
Rc8 28. Be2 b5 29. Kf2 Rc3 30. Bd3 b4 31. Be4 a5 32. Rc2 Ra3 33. Ke2 Ba4 34.
Rc7+ Rd7 35. Rxd7+ Bxd7 36. d6 Rxa2+ 37. Ke3 Be6 38. Bd5 Ra3+ 39. Kf2 Rd3 40.
Bxe6+ Kf6 41. Bd5 1-0

[Event "34th Zalakaros Open 2015"]
[Site "Zalakaros HUN"]
[Date "2015.05.22"]
[Round "9.25"]
[White "Kantor, Gergely"]
[Black "Paszewski, Mateusz"]
[Result "1/2-1/2"]
[WhiteTitle "IM"]
[WhiteElo "2402"]
[BlackElo "2200"]
[WhiteFideId "751499"]
[BlackFideId "1141058"]
[EventDate "2015.05.14"]

1. d4 d5 2. c4 c6 3. Nf3 Nf6 4. g3 Bf5 5. Nc3 e6 6. Nh4 dxc4 7. Nxf5 exf5 8. e3
Nbd7 9. Bxc4 Nb6 10. Bb3 h5 11. Qc2 Qd7 12. Bd2 h4 13. O-O-O O-O-O 14. Kb1 Kb8
15. Bc1 Bd6 16. Rhf1 Rde8 17. f3 hxg3 18. hxg3 Nbd5 19. e4 Nxc3+ 20. bxc3 fxe4
21. fxe4 Nxe4 22. Rxf7 Qg4 23. Rg1 Rhf8 24. Rxf8 1/2-1/2

[Event "34th Zalakaros Open 2015"]
[Site "Zalakaros HUN"]
[Date "2015.05.22"]
[Round "9.26"]
[White "Nemeth, Zoltan"]
[Black "Korpa, Bence"]
[Result "0-1"]
[WhiteTitle "IM"]
[BlackTitle "IM"]
[WhiteElo "2306"]
[BlackElo "2435"]
[WhiteFideId "700657"]
[BlackFideId "706671"]
[EventDate "2015.05.14"]

1. c4 c6 2. e4 d5 3. exd5 cxd5 4. cxd5 Nf6 5. Bb5+ Nbd7 6. Nc3 a6 7. Ba4 b5 8.
Bb3 Nb6 9. d4 Bb7 10. Nf3 Nbxd5 11. O-O e6 12. Ne5 Bd6 13. Bg5 Nxc3 14. bxc3
Bxe5 15. dxe5 Qxd1 16. Rfxd1 Ne4 17. Bd2 Rc8 18. Rac1 Nxd2 19. Rxd2 Ke7 20. Rcd1
Rhd8 21. Rxd8 Rxd8 22. Rxd8 Kxd8 23. a3 Kc7 24. Bc2 h6 25. f4 Kb6 26. Kf2 Kc5
27. Bd3 Bd5 28. g3 Bc4 29. Be4 Bb3 30. Ke3 Bd1 31. Bd3 Kd5 32. h4 Bg4 33. Bf1 g6
34. Bd3 h5 35. Bf1 Bf5 36. Kd2 Bb1 37. Kc1 Ba2 38. Bg2+ Kc5 39. Kc2 a5 40. Bf3
Bc4 41. Kd2 Bd5 42. Be2 Be4 43. Ke3 Bf5 44. Kd2 Bg4 45. Bf1 Bf3 46. Bd3 Bg2 47.
Be2 Bd5 48. Ke3 Bc4 49. Bd1 Bf1 50. Kd2 Kc4 51. Kc2 Bd3+ 52. Kb2 b4 53. cxb4
axb4 54. a4 Kd4 55. Kb3 Ke3 56. Kxb4 Kf2 57. a5 Kxg3 58. Kc3 Ba6 59. f5 gxf5 60.
Bxh5 f4 61. Kd2 Kxh4 62. Be2 Bb7 63. a6 Ba8 64. a7 Kg3 65. Bh5 f3 66. Ke3 Bb7
67. Kd4 Kf4 68. Kd3 Bd5 69. Kd4 Be4 70. Bxf7 f2 0-1

[Event "34th Zalakaros Open 2015"]
[Site "Zalakaros HUN"]
[Date "2015.05.22"]
[Round "9.27"]
[White "Meszaros, Tamas"]
[Black "Havasi, Gergo"]
[Result "1/2-1/2"]
[WhiteTitle "IM"]
[WhiteElo "2421"]
[BlackElo "2319"]
[WhiteFideId "717410"]
[BlackFideId "760293"]
[EventDate "2015.05.14"]

1. e4 c5 2. Nf3 d6 3. d4 cxd4 4. Nxd4 Nf6 5. Nc3 a6 6. Be3 e5 7. Nb3 Be7 8. h3
O-O 9. g4 Be6 10. g5 Nfd7 11. Qd2 Nb6 12. O-O-O N8d7 13. Rg1 Rc8 14. h4 Nc4 15.
Bxc4 Rxc4 16. h5 a5 17. Nd5 Bxd5 18. Qxd5 Qc7 19. Nxa5 Rxc2+ 20. Kb1 b6 21. Rc1
Rc5 22. Bxc5 bxc5 23. Nc6 Bxg5 24. Rcd1 Nf6 25. Qxd6 Qxd6 26. Rxd6 Nxe4 27. Rd5
f6 28. a4 Kf7 29. Rd8 Rxd8 30. Nxd8+ Ke7 31. Nb7 Kd7 32. Kc2 Kc7 33. f3 Nd2 34.
Rxg5 fxg5 35. Kxd2 Kxb7 36. Kd3 Kb6 37. Kc4 Ka5 38. Kxc5 Kxa4 39. Kd5 Kb3 40.
Kxe5 Kxb2 41. Ke6 Kc3 42. Kf7 Kd4 43. Kxg7 Ke3 44. Kh6 Kf4 45. Kxh7 Kxf3 46. Kg6
g4 47. h6 g3 48. h7 g2 49. h8=Q 1/2-1/2

[Event "34th Zalakaros Open 2015"]
[Site "Zalakaros HUN"]
[Date "2015.05.22"]
[Round "9.28"]
[White "Schachinger, Mario"]
[Black "Warakomska, Anna"]
[Result "1-0"]
[WhiteTitle "IM"]
[BlackTitle "WFM"]
[WhiteElo "2421"]
[BlackElo "2260"]
[WhiteFideId "1616773"]
[BlackFideId "1130790"]
[EventDate "2015.05.14"]

1. d4 Nf6 2. c4 e6 3. Nf3 b6 4. g3 Bb7 5. Bg2 Be7 6. Nc3 Ne4 7. Bd2 Bf6 8. Rc1
O-O 9. O-O c5 10. d5 exd5 11. cxd5 Nxd2 12. Nxd2 d6 13. Nc4 Bxc3 14. bxc3 b5 15.
Rb1 Bc8 16. Ne5 a6 17. Nc6 Qc7 18. a4 Bd7 19. axb5 axb5 20. Rxb5 Nxc6 21. dxc6
Bxc6 22. Bxc6 Qxc6 23. Qd3 Rfb8 24. Rxb8+ Rxb8 25. Rd1 Rb6 26. h4 h6 27. e4 Qb7
28. h5 Qe7 29. Ra1 Rb8 30. Ra6 Re8 31. Rxd6 Qxe4 32. Qxe4 Rxe4 33. Rd8+ Kh7 34.
Kg2 Rc4 35. Rd3 g6 36. hxg6+ fxg6 37. Kf3 Kg7 38. Ke3 Kf6 39. Rd6+ Ke5 40. Rxg6
Rxc3+ 41. Ke2 Rc2+ 42. Kf3 Rc3+ 43. Kg2 c4 44. Rxh6 Rc1 45. Rc6 Ke4 46. Rc8 c3
47. g4 Kf4 48. Rc4+ Kg5 49. Kf3 Kf6 50. Kf4 Rf1 51. Rc6+ Kg7 52. f3 Rc1 53. Kf5
c2 54. Rc7+ Kf8 55. Kf6 Ke8 56. g5 Rf1 57. Rc8+ Kd7 58. Rxc2 Rxf3+ 59. Kg7 Ke6
60. g6 Rg3 61. Rf2 Ke7 62. Kh7 Rh3+ 63. Kg8 Rg3 64. g7 Rg1 65. Re2+ Kd6 66. Re4 1-0

[Event "34th Zalakaros Open 2015"]
[Site "Zalakaros HUN"]
[Date "2015.05.22"]
[Round "9.29"]
[White "Bagi, Mate"]
[Black "Reznak, Attila"]
[Result "1/2-1/2"]
[WhiteTitle "FM"]
[WhiteElo "2417"]
[BlackElo "2304"]
[WhiteFideId "742570"]
[BlackFideId "727407"]
[EventDate "2015.05.14"]

1. e4 e5 2. Nf3 Nf6 3. Nxe5 d6 4. Nf3 Nxe4 5. Nc3 Nxc3 6. dxc3 Be7 7. Bf4 Nc6 8.
Qd2 Be6 9. O-O-O O-O 10. Kb1 Bf6 11. Nd4 Nxd4 12. cxd4 d5 13. f3 Rc8 14. Be3 Re8
15. c3 b6 16. g4 Bh4 17. Ba6 Rb8 18. Bd3 Qe7 19. Bf4 Rbc8 20. Bg3 c5 21. Ba6
Rcd8 22. Bb5 Rf8 23. Rde1 Qf6 24. Bxh4 Qxh4 25. h3 Bd7 26. Bd3 cxd4 27. cxd4
Rfe8 28. Bc2 Qg3 29. f4 Bb5 30. f5 Qf3 31. g5 Rxe1+ 32. Rxe1 Qxh3 33. a4 Bc4 34.
f6 a5 35. fxg7 Qf3 36. Re3 Qf1+ 37. Re1 Qf3 38. Re3 Qf1+ 39. Re1 Qf3 1/2-1/2

[Event "34th Zalakaros Open 2015"]
[Site "Zalakaros HUN"]
[Date "2015.05.22"]
[Round "9.30"]
[White "Schreiner, Peter"]
[Black "Papp, Petra"]
[Result "1/2-1/2"]
[WhiteTitle "IM"]
[BlackTitle "WGM"]
[WhiteElo "2449"]
[BlackElo "2297"]
[WhiteFideId "1621645"]
[BlackFideId "739049"]
[EventDate "2015.05.14"]

1. d4 Nf6 2. c4 g6 3. g3 Bg7 4. Bg2 O-O 5. Nc3 d6 6. Nf3 Nbd7 7. O-O e5 8. h3
Re8 9. e4 exd4 10. Nxd4 a6 11. b3 Rb8 12. Bf4 Ne5 1/2-1/2

[Event "34th Zalakaros Open 2015"]
[Site "Zalakaros HUN"]
[Date "2015.05.22"]
[Round "9.31"]
[White "Nagy, Gabor1"]
[Black "Mokal, Amruta Sunil"]
[Result "1-0"]
[WhiteTitle "IM"]
[WhiteElo "2396"]
[BlackElo "2130"]
[WhiteFideId "737119"]
[BlackFideId "5016371"]
[EventDate "2015.05.14"]

1. Nf3 Nf6 2. c4 e6 3. g3 d5 4. Bg2 Be7 5. d4 O-O 6. Qc2 b6 7. O-O Bb7 8. cxd5
exd5 9. Bf4 c5 10. Nc3 Na6 11. Rad1 Qc8 12. Be5 Ne4 13. dxc5 Qxc5 14. Qa4 Rfd8
15. Rc1 Qb4 16. Qxb4 Bxb4 17. Nb5 Bc5 18. a3 f6 19. Bd4 Bc6 20. Nc3 Nd2 21. Nxd2
Bxd4 22. Nf3 Be5 23. Nxe5 fxe5 24. Rfd1 Rac8 25. Nxd5 Kf7 26. b4 Ba4 27. Re1 Bb3
28. Nc3 Rd2 29. Bb7 Rc7 30. Bxa6 Bc2 31. Ne4 Rdd7 32. Bd3 1-0

[Event "34th Zalakaros Open 2015"]
[Site "Zalakaros HUN"]
[Date "2015.05.22"]
[Round "9.32"]
[White "Grimm, Daniel"]
[Black "Morrison, Graham SCO"]
[Result "1/2-1/2"]
[WhiteTitle "FM"]
[BlackTitle "FM"]
[WhiteElo "2255"]
[BlackElo "2351"]
[WhiteFideId "740080"]
[BlackFideId "2400090"]
[EventDate "2015.05.14"]

1. e4 c5 2. Nf3 e6 3. d4 cxd4 4. Nxd4 Nc6 5. Nc3 d6 6. Be3 Nf6 7. Qe2 Nxd4 8.
Bxd4 e5 9. Be3 a6 10. O-O-O Be6 11. f3 Rc8 12. Qd2 1/2-1/2

[Event "34th Zalakaros Open 2015"]
[Site "Zalakaros HUN"]
[Date "2015.05.22"]
[Round "9.33"]
[White "Peczely, Sebastian Zsombor"]
[Black "Juhasz, Armin"]
[Result "1/2-1/2"]
[BlackTitle "FM"]
[WhiteElo "2260"]
[BlackElo "2303"]
[WhiteFideId "750964"]
[BlackFideId "724270"]
[EventDate "2015.05.14"]

1. e4 d5 2. exd5 Qxd5 3. Nc3 Qd8 4. d4 Nf6 5. Bc4 Bg4 6. f3 Bd7 7. Be3 e6 8. Qd2
Bb4 9. Nge2 O-O 10. a3 Be7 11. O-O-O c6 12. g4 b5 13. g5 Nd5 14. Nxd5 cxd5 15.
Bd3 b4 16. axb4 Qb6 17. h4 a5 18. b5 Bxb5 19. h5 Nc6 20. g6 Bxd3 21. Qxd3 Rab8
22. Rdg1 Qxb2+ 23. Kd1 Nb4 24. Qd2 Rbc8 25. gxh7+ Kh8 26. Bh6 gxh6 27. Qxh6
Qxc2+ 28. Ke1 1/2-1/2